Jane Eyre / (Record no. 2844)

MARC details
000 -LEADER
fixed length control field 01658cam a2200277 a 4500
005 - DATE AND TIME OF LATEST TRANSACTION
control field 20250723154557.0
020 ## - INTERNATIONAL STANDARD BOOK NUMBER
International Standard Book Number 9780764140112
040 ## - CATALOGING SOURCE
Original cataloging agency DLC
Transcribing agency DLC
Modifying agency DLC
Language of cataloging eng
050 00 - LIBRARY OF CONGRESS CALL NUMBER
Classification number PN6737.M34
Item number 2009
082 ## - DEWEY DECIMAL CLASSIFICATION NUMBER
Classification number 741.5
100 1# - MAIN ENTRY--PERSONAL NAME
Personal name Bronte, Charlotte
Dates associated with a name 1958-
245 10 - TITLE STATEMENT
Title Jane Eyre /
Statement of responsibility, etc. Bornete, Charlotte
250 ## - EDITION STATEMENT
Edition statement Pritned and bound in China
260 ## - PUBLICATION, DISTRIBUTION, ETC.
Place of publication, distribution, etc. New York :
Name of publisher, distributor, etc. Barrons Educational Series,
Date of publication, distribution, etc. 2009
300 ## - PHYSICAL DESCRIPTION
Extent 48 pages :
Other physical details color illustrations ;
Dimensions 27 cm.
490 0# - SERIES STATEMENT
Series statement Barron's Graphic Classics
505 ## - FORMATTED CONTENTS NOTE
Formatted contents note W <br/>
520 ## - SUMMARY, ETC.
Summary, etc. Widely considered to be one of the greatest novels in the English language, Charlotte Bronte's semi-autobiographical epic masterpiece is brought to life in one concise volume. The classic story of a strong-willed woman growing up in 19th Century England is presented as an exciting and fast-paced graphic novel which remains faithful to Bronte's original text. Specially commissioned full-colour artwork brings excitement and atmosphere to this stirring tale. Speech bubbles work with the main text to emphasise and enhance the retelling. A running glossary at the foot of each page helps young readers with any challenging vocabulary without disrupting their reading experience. End matter provides information about the author, the historical background to the period in which the author lived and a timeline of world events that places the work in its historical context.
521 ## - TARGET AUDIENCE NOTE
Target audience note 870 <br/>
Source Lexile <br/>
521 ## - TARGET AUDIENCE NOTE
Target audience note W <br/>
Source Raz-Plus <br/>
655 #0 - INDEX TERM--GENRE/FORM
Genre/form data or focus term Graphic novels.
700 12 - ADDED ENTRY--PERSONAL NAME
Personal name Gelev ,Penko
Title of a work Jane Eyre.
906 ## - LOCAL DATA ELEMENT F, LDF (RLIN)
a 7
b cbc
c orignew
d 2
e epcn
f 20
g y-gencatlg
942 ## - ADDED ENTRY ELEMENTS (KOHA)
Source of classification or shelving scheme Dewey Decimal Classification
Koha item type Books
Suppress in OPAC No
999 ## -
-- 2844
-- 2844
Holdings
Withdrawn status Lost status Source of classification or shelving scheme Damaged status Not for loan Collection Home library Current library Shelving location Date acquired Total Checkouts Full call number Barcode Date last seen Copy number Price effective from Koha item type
    Dewey Decimal Classification     Fiction Footprints International School Library Network Toul Kork Campus Footprints International School Library Network Toul Kork Campus A TK Campus, 4th Floor, Room B401, Fiction Bookcases (1-6) 04/21/2025   BRO 741.5 PN6737.M34 2025-1060 04/21/2025 2 04/21/2025 Books
    Dewey Decimal Classification     Fiction Footprints International School Library Network Toul Kork Campus Footprints International School Library Network Toul Kork Campus A TK Campus, 4th Floor, Room B401, Fiction Bookcases (1-6) 07/23/2025   BRO 741.5 PN6737.M34 2025-2795 07/23/2025 3 07/23/2025 Books
    Dewey Decimal Classification     Fiction Footprints International School Library Network Toul Tom Poung Campus Footprints International School Library Network Toul Tom Poung Campus TTP Secondary Fiction Bookshelves 01/17/2024   BRO 741.5 PN6737.M34 2024-0042 01/17/2024 1 01/17/2024 Books